Sports Quiz

Random Sports Quiz

Leinster Schools Senior Cup Trivia Quiz Stats

 Plays Quiz not verified by Sporcle

Also try: NFL Teams (Redux)
Challenge
Share
Tweet
Embed
Score 0/10 Timer 04:00
0 Plays Today
Question Answer % Correct
What school has the most consecutive wins?Blackrock College
92.9%
How many times have Blackrock College won the cup?66
69%
What is section B of the competition called?Leinster Schools Vinnie Murray Cup
52.4%
What was the last year Terenure College won the cup?2003
50%
What school won the Powerade Leinster Rugby School of the year in 2009?Terenure College
47.6%
In what year was the cup first held?1887
23.8%
What was the greatest winning margin in the final?64
16.7%
What was the cup known as before it was called the 'Powerade Leinster Schools Senior Cup'?Coca-Cola Leinster Schools Senior Cup
9.5%
How many years is Blackrocks longest streak without a win?6
2.4%
How many schools have won the double?5
0%

You're not logged in!

Compare scores with friends on all Sporcle quizzes.
OR
Log In

You Might Also Like...

Show Comments

Extras

Created May 19, 2012ReportNominate
Tags:cup, school, senior

Top Quizzes Today


Score Distribution

Your Account Isn't Verified!

In order to create a playlist on Sporcle, you need to verify the email address you used during registration. Go to your Sporcle Settings to finish the process.

Report this User

Report this user for behavior that violates our Community Guidelines.

Details: